国内月活跃用户最多的是哪些APP? - Statistics

General Stats
  • This quiz has been taken 1 232 times
  • The average score is 10 of 20
Answer Stats
排名 月度活跃用户(亿) APP % Correct
1 10.2 微信
97%
4 6.8 抖音
93%
7 6.3 QQ
93%
17 3.9 快手
80%
2 8.7 淘宝
76%
8 6.1 百度
76%
3 7.9 支付宝
69%
11 4.9 微博
65%
13 4.4 京东
64%
19 3.5 美团
60%
6 6.4 拼多多
57%
5 6.8 高德地图
45%
14 4.4 爱奇艺
40%
12 4.8 百度地图
30%
16 4.1 腾讯视频
30%
20 3.4 今日头条
28%
15 4.2 QQ浏览器
7%
9 5.5 搜狗输入法
4%
10 4.9 百度输入法
2%
18 3.5 WiFi万能钥匙
2%
No matching quizzes found
Score Distribution
Percent of People with Each Score
Percentile by Number Answered
Your Score History
You have not taken this quiz